000
00187nam a2200085 4500
001
1257716
005
20260218133843.0
245
_a
BABI ESRAR
_c
AHMET ÜMİT
260
_b
YAPI KREDİ YAYINLARI
999
_c
1257716
_d
1257716